| 000 | 00485 a2200169 4500 | ||
|---|---|---|---|
| 003 | OSt | ||
| 005 | 20231103152127.0 | ||
| 008 | 231103b |||||||| |||| 00| 0 eng d | ||
| 020 | _a9789395281843 | ||
| 040 | _coclc | ||
| 082 |
_a894.8129 _bMAD/J |
||
| 100 |
_aMadampat, Shajahan _99828 |
||
| 245 |
_aJNUVILE CHUVARCHITHRANGAL / _cShajahan Madampat |
||
| 260 |
_aKerala: _bOlive, _c2022. |
||
| 300 | _a271p | ||
| 942 |
_2ddc _cBK _h894.8129 _iMAD/J _k894.8129 _mMAD/J |
||
| 999 |
_c42798 _d42798 |
||